[Event "Women's Speed Chess Q4"]
[Site "chess.com INT"]
[Date "2021.06.03"]
[Round "5"]
[White "Von Herman, Brigitte"]
[Black "Kazarian, Anna-Maja"]
[Result "0-1"]
[WhiteTitle "WFM"]
[BlackTitle "FM"]
[WhiteElo "1991"]
[BlackElo "2096"]
[WhiteFideId "4628730"]
[BlackFideId "1033689"]
[EventDate "2021.06.03"]

1. e4 e6 2. d4 d5 3. Nc3 Nf6 4. exd5 exd5 5. Bd3 Bd6 6. h3 c6 7. Qf3 O-O 8. Nge2
Nbd7 9. O-O h6 10. Ng3 Re8 11. Bd2 Bf8 12. Rfe1 b5 13. Nce2 Qb6 14. c3 a5 15.
Nh5 Nxh5 16. Qxh5 Nf6 17. Qf3 b4 18. Bxh6 Ne4 19. Bxe4 dxe4 20. Qg3 Bf5 21. Be3
bxc3 22. bxc3 Qb5 23. Rab1 Qa4 24. Rb7 Re7 25. Reb1 Qxa2 26. Nf4 a4 27. Nh5 Bg6
28. Nf4 Bf5 29. Nh5 Qe6 30. Nf4 Qd6 31. Qg5 Rxb7 32. Rxb7 Be6 33. h4 a3 34. Nh5
Qd8 35. Qxd8 Rxd8 36. Ra7 a2 37. Nf4 Bc4 38. Ra4 Rb8 39. Kh2 Rb1 40. Rxa2 Bxa2
41. Kg3 Bd5 42. Ne2 Bd6+ 43. Kg4 Rb2 44. Nf4 Bxf4 45. Kxf4 Rc2 46. Ke5 Rxc3 47.
g4 Rd3 48. g5 Kh7 49. h5 Rd1 50. Kd6 Rh1 51. h6 gxh6 52. gxh6 Kg6 53. Ke7 f5 54.
Kd6 Rh4 55. Ke5 Rh5 56. Bf4 Rh3 57. Be3 Rf3 58. Bf4 Bb3 59. Be3 Bd5 60. Kd6 f4
61. Bc1 Rxf2 62. Ke5 e3 0-1

[Event "Women's Speed Chess Q4"]
[Site "chess.com INT"]
[Date "2021.06.03"]
[Round "5"]
[White "Tarasova, Viktoriya"]
[Black "Zhai, Mo"]
[Result "1-0"]
[WhiteTitle "WIM"]
[BlackTitle "WGM"]
[WhiteElo "2226"]
[BlackElo "2366"]
[WhiteFideId "4175840"]
[BlackFideId "8600201"]
[EventDate "2021.06.03"]

1. d4 Nf6 2. c4 e6 3. Nc3 Bb4 4. Nf3 O-O 5. Bg5 d5 6. cxd5 exd5 7. Qc2 Qd6 8. e3
Ne4 9. Bf4 Qc6 10. Rc1 Bf5 11. Bd3 Nd7 12. O-O Ndf6 13. Ne5 Qe6 14. f3 Nd6 15.
Bxf5 Qxf5 16. Qxf5 Nxf5 17. g4 Nd6 18. g5 Bxc3 19. Rxc3 Nh5 20. Rxc7 Nxf4 21.
exf4 Nb5 22. Rxb7 Nxd4 23. Rd1 Ne2+ 24. Kf2 Nxf4 25. Kg3 Ne6 26. Rxd5 Nxg5 27.
Nd7 h6 28. Nxf8 Kxf8 29. Rdd7 a5 30. h4 Ne6 31. Rxf7+ Kg8 32. Ra7 Rc8 33. Rfe7
Rc6 34. Ra8+ Kh7 35. Rxa5 Nd4 36. Rd5 Rg6+ 37. Kf2 Nc6 38. Re4 Rf6 39. Rd7 Rf5
40. a4 Ne5 41. Re7 Nxf3 42. Kg3 Nd2 43. Re2 Nc4 44. Rc7 Nb6 45. Ree7 Nd5 46.
Rxg7+ Kh8 47. Rcd7 Nf6 48. Ra7 Nh5+ 49. Kg4 Nxg7 50. Rxg7 Ra5 51. Rb7 Rxa4+ 52.
b4 Kg8 53. Kh5 1-0

[Event "Women's Speed Chess Q4"]
[Site "chess.com INT"]
[Date "2021.06.03"]
[Round "5"]
[White "Papp, Petra"]
[Black "Buksa, Nataliya"]
[Result "1/2-1/2"]
[WhiteTitle "WGM"]
[BlackTitle "IM"]
[WhiteElo "2336"]
[BlackElo "2414"]
[WhiteFideId "739049"]
[BlackFideId "14123622"]
[EventDate "2021.06.03"]

1. d4 d5 2. c4 e6 3. g3 Nf6 4. Bg2 Be7 5. Nf3 O-O 6. Nbd2 b6 7. O-O Bb7 8. Ne5
Nfd7 9. Qa4 Nxe5 10. dxe5 Bc6 11. Qc2 dxc4 12. Ne4 Nd7 13. Rd1 Qc8 14. Ng5 Bxg5
15. Bxc6 Nxe5 16. Bxa8 Bxc1 17. Raxc1 Qxa8 18. h3 b5 19. a4 a6 20. f4 Nc6 21.
Rd7 Nb4 22. Qd2 Nd5 23. axb5 axb5 24. Rd1 Qc6 25. Rxd5 exd5 26. Qxd5 Qb6+ 27.
Kg2 h6 28. e4 Qe3 29. Rf1 Re8 30. e5 c5 31. Rf2 c3 32. Rf3 Qe2+ 33. Rf2 Qe1 34.
bxc3 Qxc3 35. Rf3 Qc1 36. Rf2 b4 37. f5 Qc3 38. e6 fxe6 39. fxe6 Qd4 40. Qf5 Kh8
41. e7 Qf6 42. Qxf6 gxf6 43. Rxf6 Rxe7 44. Rc6 Re5 45. Kf3 Kg7 46. Kf4 Rd5 47.
Ke4 Rg5 48. g4 h5 49. Kf4 Rd5 50. Ke4 Rd4+ 51. Ke5 hxg4 52. hxg4 Rc4 53. Kd5
Rxg4 54. Rc7+ Kf6 55. Kxc5 Ke5 56. Re7+ Kf6 57. Rb7 Rg5+ 58. Kc4 Rg4+ 59. Kb3
Rg3+ 60. Kxb4 Rg4+ 61. Kc5 Rg5+ 62. Kd6 1/2-1/2

[Event "Women's Speed Chess Q4"]
[Site "chess.com INT"]
[Date "2021.06.03"]
[Round "5"]
[White "Morris-Suzuki, Sophie"]
[Black "Purtseladze, Maka"]
[Result "0-1"]
[WhiteTitle "WFM"]
[BlackTitle "IM"]
[WhiteElo "2043"]
[BlackElo "2274"]
[WhiteFideId "30922615"]
[BlackFideId "13602659"]
[EventDate "2021.06.03"]

1. e4 c6 2. d4 d5 3. e5 Bf5 4. h4 h5 5. Bd3 Bxd3 6. Qxd3 e6 7. Bg5 Qa5+ 8. Nd2
Qb5 9. c4 Qa6 10. Ngf3 Nd7 11. O-O Nb6 12. b3 Ba3 13. Qc3 Be7 14. c5 Nd7 15. a4
Bxg5 16. Nxg5 Ne7 17. b4 b6 18. Rfb1 bxc5 19. dxc5 O-O 20. b5 Qc8 21. b6 Qa6 22.
a5 Nf5 23. Ndf3 Qc4 24. Qxc4 dxc4 25. Rc1 Nxc5 26. Rxc4 axb6 27. a6 Rfc8 28. Rb4
b5 29. a7 Rc7 30. Rb2 Na4 31. Rc2 Raxa7 32. Rac1 c5 33. Ne4 b4 34. Nxc5 Nxc5 35.
Rxc5 Rxc5 36. Rxc5 Rb7 37. Ng5 g6 38. Rc2 b3 39. Rb2 Nd4 40. Ne4 Rc7 41. Kh2 Rc2
42. Rb1 b2 43. Nf6+ Kg7 44. Rd1 Nc6 45. Rd8 Nxd8 46. Ne8+ Kf8 47. Nd6 b1=Q 48.
Kg3 Rxf2 49. Kxf2 Qb6+ 50. Kg3 Qd4 51. Kf3 Qxh4 52. Ne4 Qg4+ 53. Ke3 Qxe4+ 54.
Kxe4 Nc6 55. Kf4 Ke7 56. g3 f6 57. exf6+ Kxf6 58. g4 g5+ 59. Kg3 hxg4 60. Kxg4
e5 61. Kf3 Kf5 62. Ke3 e4 63. Ke2 Kf4 64. Kf2 g4 65. Ke2 e3 66. Kd3 Kf3 67. Kc4
e2 68. Kc5 e1=Q 69. Kxc6 g3 70. Kd6 g2 71. Kd5 g1=Q 72. Kc4 Qgf2 73. Kb3 Qfe3+
74. Ka2 Q1d2+ 75. Kb1 Qee1# 0-1

[Event "Women's Speed Chess Q4"]
[Site "chess.com INT"]
[Date "2021.06.03"]
[Round "5"]
[White "Samaganova, Alexandra"]
[Black "Pandey, Srishti"]
[Result "0-1"]
[WhiteTitle "WFM"]
[BlackTitle "WFM"]
[WhiteElo "1993"]
[BlackElo "2026"]
[WhiteFideId "13800221"]
[BlackFideId "35093290"]
[EventDate "2021.06.03"]

1. c4 e6 2. Nc3 d5 3. e3 Nf6 4. Nf3 Be7 5. d4 O-O 6. Bd3 dxc4 7. Bxc4 a6 8. O-O
b5 9. Bd3 Bb7 10. a3 c5 11. dxc5 Bxc5 12. Be2 Nbd7 13. b4 Be7 14. Bb2 Rc8 15.
Rc1 Nb6 16. Qb3 Nc4 17. Rfd1 Qb6 18. Nd4 Rfd8 19. Bxc4 Rxc4 20. Nce2 Bd5 21.
Rxc4 Bxc4 22. Qc2 Rc8 23. Qb1 a5 24. Ba1 axb4 25. axb4 Nd5 26. Qb2 f6 27. Nf4
Nxb4 28. Nf3 e5 29. Ne2 Nd3 30. Qb1 Nc5 31. Nc3 Qc6 32. h3 Na4 33. Nxa4 bxa4 34.
Rc1 Qa6 35. Bc3 a3 36. Qa1 a2 37. Nd2 Be6 38. Ne4 Qb7 39. Ng3 Rb8 40. Ne2 Qb1
41. Kh2 Qxa1 42. Rxa1 Rb1 43. f4 exf4 44. exf4 Bc4 45. Nd4 Bd6 46. Kg3 Kf7 47.
Nf5 Bc7 48. Ne3 Be6 49. Kf3 g6 50. g4 Bb3 51. f5 gxf5 52. gxf5 Rxa1 53. Bxa1 Be5
54. Nc2 Bxc2 55. Bxe5 fxe5 56. Kg4 a1=Q 0-1

[Event "Women's Speed Chess Q4"]
[Site "chess.com INT"]
[Date "2021.06.03"]
[Round "5"]
[White "Bommini, Mounika Akshaya"]
[Black "Pourkashiyan, Atousa"]
[Result "1/2-1/2"]
[WhiteTitle "WFM"]
[BlackTitle "WGM"]
[WhiteElo "2029"]
[BlackElo "2322"]
[WhiteFideId "25019872"]
[BlackFideId "12502014"]
[EventDate "2021.06.03"]

1. d4 Nf6 2. c4 e6 3. Nc3 Bb4 4. f3 d5 5. a3 Bxc3+ 6. bxc3 O-O 7. cxd5 exd5 8.
e3 Re8 9. Bd3 c6 10. Ne2 b6 11. O-O Ba6 12. Bc2 c5 13. Re1 Nbd7 14. Ng3 g6 15.
e4 dxe4 16. fxe4 cxd4 17. cxd4 Nf8 18. d5 Qc7 19. Bb2 N6d7 20. Rc1 Qd6 21. Kh1
Ne5 22. Bb1 Nfd7 23. Qd4 Rac8 24. Qe3 Rxc1 25. Rxc1 Rc8 26. Rxc8+ Bxc8 27. Qg5
f6 28. Qc1 Qc5 29. Qxc5 Nxc5 30. Kg1 Ned7 31. Kf2 Kf7 32. Ke3 Na4 33. Bd4 Ndc5
34. Bc2 Bd7 35. Ne2 h5 36. Bb1 Nb7 37. Ba2 Nd6 38. Nc1 Nc5 39. Bxc5 bxc5 40. Nd3
c4 41. Nc5 Bb5 42. Kd4 g5 43. a4 Be8 44. Bxc4 h4 45. Ba6 f5 46. Ke5 Nxe4 47.
Nxe4 fxe4 48. Kxe4 Bxa4 49. Kf5 Bb3 50. Bb7 h3 51. gxh3 a5 52. Bc6 a4 53. Bxa4
Bxa4 54. Kxg5 Bb3 55. d6 Be6 56. h4 Kg7 57. h5 Bd7 58. h4 Be6 59. h6+ Kh7 60.
Kf6 Bh3 61. Kg5 Bd7 62. h5 Bc8 63. Kf6 Bd7 64. Ke7 Bh3 65. d7 Bxd7 66. Kxd7 Kxh6
67. Ke6 Kxh5 1/2-1/2

[Event "Women's Speed Chess Q4"]
[Site "chess.com INT"]
[Date "2021.06.03"]
[Round "5"]
[White "Varshini, V"]
[Black "Avramidou, Anastasia"]
[Result "0-1"]
[WhiteTitle "WGM"]
[BlackTitle "FM"]
[WhiteElo "2226"]
[BlackElo "2238"]
[WhiteFideId "5091241"]
[BlackFideId "4239873"]
[EventDate "2021.06.03"]

1. e4 g6 2. d4 Bg7 3. Nf3 c6 4. Nc3 d6 5. Be2 Nf6 6. O-O O-O 7. h3 Qc7 8. a4 e5
9. Be3 Re8 10. dxe5 dxe5 11. Qd2 Nbd7 12. Bh6 Nf8 13. Bxg7 Kxg7 14. Rad1 Ne6 15.
Rfe1 Nf4 16. Bf1 Be6 17. Kh2 Rad8 18. Qe3 b6 19. g3 N4h5 20. Ng5 Bc8 21. Bc4
Rxd1 22. Rxd1 Re7 23. Be2 Nf4 24. Bf1 h6 25. Nf3 Ne6 26. Bg2 Nc5 27. Ne1 Rd7 28.
Rd2 Rxd2 29. Qxd2 Qd7 30. Qxd7 Bxd7 31. b4 Ne6 32. Nd3 Nd4 33. Nxe5 Nxc2 34.
Nxd7 Nxd7 35. b5 cxb5 36. axb5 Nd4 37. f4 f6 38. Bf1 Kf8 39. Bc4 Ke7 40. Bd5 Kd6
41. Bf7 g5 42. Kg2 Kc5 43. Be8 Nf8 44. Na4+ Kb4 45. Nb2 Nxb5 46. e5 fxe5 47.
Nd3+ Ka5 48. Nxe5 Nd6 49. Nc6+ Ka6 50. Bh5 Kb7 51. Ne5 Kc7 52. fxg5 hxg5 53. Nf3
Ne4 54. Bg4 Kd6 55. Bf5 Nf6 56. Bb1 a5 57. Nxg5 a4 58. Ne4+ Nxe4 59. Bxe4 b5 60.
Bb1 b4 61. Bc2 b3 62. Bd1 Kc5 63. g4 Kb4 64. g5 a3 65. h4 a2 0-1

[Event "Women's Speed Chess Q4"]
[Site "chess.com INT"]
[Date "2021.06.03"]
[Round "5"]
[White "Rakshitta, Ravi"]
[Black "Sliwicka, Alicja"]
[Result "1-0"]
[WhiteTitle "WIM"]
[BlackTitle "WIM"]
[WhiteElo "2190"]
[BlackElo "2346"]
[WhiteFideId "25073230"]
[BlackFideId "1150677"]
[EventDate "2021.06.03"]

1. e4 c5 2. Nf3 d6 3. d4 cxd4 4. Qxd4 Nf6 5. Nc3 Nc6 6. Bb5 Bd7 7. Bxc6 Bxc6 8.
Bg5 e6 9. O-O-O Be7 10. Qd3 Qa5 11. h4 Qa6 12. Qe3 b5 13. Kb1 b4 14. Ne2 Nxe4
15. Bxe7 Kxe7 16. Ned4 f5 17. Nxc6+ Qxc6 18. Ng5 Nxg5 19. Qxg5+ Kf7 20. g4 Qf3
21. gxf5 Qxf5 22. Qe3 d5 23. Rh3 Qe4 24. Rf3+ Ke8 25. Qxe4 dxe4 26. Rf4 Rf8 27.
Rxe4 Rxf2 28. Rxb4 Kf7 29. a3 Kf6 30. Rd7 Rc8 31. c3 Rh2 32. Rg4 Rg8 33. Rxa7 g6
34. Rxh7 Kf5 35. Rb4 e5 36. Rf7+ Ke6 37. Rf3 Rd8 38. Rg3 Kf5 39. Rg5+ Kf6 40.
Rb6+ Kf7 41. Rgxg6 Rd1+ 42. Ka2 Rxh4 43. Rgc6 Rd7 44. Rd6 Re7 45. Rf6+ Kg7 46.
Rg6+ Kh7 47. Rbe6 e4 48. Rh6+ Kg7 49. Rxe7+ Kxh6 50. a4 Kg6 51. a5 Kf6 52. Re8
Kf7 53. Re5 Kf6 54. Rd5 e3 55. Rd1 Ra4+ 56. Kb3 Rxa5 57. Kc4 Ke5 58. Kd3 Rd5+
59. Ke2 Rb5 60. b4 Rb8 61. Kxe3 Rh8 62. Rf1 Rh3+ 63. Rf3 Rh4 64. Kd3 Rh1 65.
Re3+ Kd5 66. c4+ Kd6 67. Kd4 Rd1+ 68. Rd3 Rc1 69. c5+ Kc6 70. Rc3 Rb1 71. Kc4
Rb2 72. Re3 Rb1 73. Re6+ Kd7 74. Rd6+ Kc7 75. Kb5 Ra1 76. Rh6 Ra2 77. Rh7+ Kd8
78. c6 Rb2 79. Kc5 Kc8 80. b5 Kd8 81. Kb6 Rc2 82. Rh8+ Ke7 83. Kb7 Rb2 84. b6
Rc2 85. c7 Kd7 86. Rd8+ 1-0

[Event "Women's Speed Chess Q4"]
[Site "chess.com INT"]
[Date "2021.06.03"]
[Round "5"]
[White "Ambartsumova, Karina"]
[Black "Padmini, Rout"]
[Result "1/2-1/2"]
[WhiteTitle "IM"]
[BlackTitle "IM"]
[WhiteElo "2382"]
[BlackElo "2370"]
[WhiteFideId "4166299"]
[BlackFideId "5029295"]
[EventDate "2021.06.03"]

1. c4 c5 2. Nf3 g6 3. d4 cxd4 4. Nxd4 Bg7 5. Nc2 Nf6 6. Nc3 O-O 7. e4 d6 8. Be2
Nbd7 9. O-O Nc5 10. f3 a5 11. Be3 a4 12. Na3 Bd7 13. Rc1 Bc6 14. Qd2 Nfd7 15.
Rfd1 f5 16. exf5 Rxf5 17. Nab5 Be5 18. Nd4 Rf7 19. f4 Bxd4 20. Bxd4 Qf8 21. Be3
Nf6 22. Bxc5 dxc5 23. Qe3 Re8 24. Qxc5 Nd7 25. Qe3 e5 26. Qh3 exf4 27. Bg4 f3
28. Bxf3 Qc5+ 29. Kh1 Bxf3 30. Rxd7 Rxd7 31. Qxd7 Bc6 32. Qd2 Qe3 33. Qxe3 Rxe3
34. Kg1 a3 35. bxa3 Rd3 36. Rc2 Kg7 37. Kf2 Kf6 38. Ke2 Rd8 39. g3 Ke5 40. Ke3
Ra8 41. a4 Bxa4 42. Nxa4 Rxa4 43. Kd3 Ra3+ 44. Ke2 Ke4 45. c5 h5 46. Kf2 Rf3+
47. Kg2 Ra3 48. Rb2 Kd5 49. Rxb7 Rxa2+ 50. Kh3 Kxc5 51. Rg7 Ra6 52. Kh4 Ra2 53.
h3 Ra6 54. Kg5 Kd4 55. Rxg6 Ra3 56. Kxh5 Ke5 57. Rg5+ Kf6 58. Rg6+ Kf7 59. h4
Ra8 60. Rg5 Kf6 61. Kg4 Ra4+ 62. Kh3 Ra3 63. Rg4 Kf5 64. Rf4+ Kg6 65. Rf1 Ra4
66. Rf3 Rb4 67. g4 Ra4 68. h5+ Kh6 69. Kh4 Rb4 70. Rf6+ Kh7 71. Rf5 Ra4 72. Kg5
Kg7 73. h6+ Kh8 74. Kh5 Ra6 75. g5 Ra1 76. g6 Rh1+ 77. Kg5 Rg1+ 78. Kf6 Rg2 79.
Kf7 Rg1 80. Re5 Rf1+ 81. Ke6 Rg1 82. Kf5 Rf1+ 83. Ke4 Re1+ 84. Kd4 Rd1+ 85. Kc5
Rc1+ 86. Kd6 Rd1+ 87. Ke7 Rg1 88. Kf6 Rf1+ 89. Rf5 Ra1 90. Kg5 Rg1+ 91. Kf6 Ra1
92. Re5 Rf1+ 93. Kg5 Rg1+ 94. Kf5 Rf1+ 95. Ke6 Rg1 96. Kf7 Rf1+ 97. Ke7 Rg1 98.
Re6 Ra1 99. Kf7 Rf1+ 100. Rf6 Rg1 101. g7+ Kh7 102. Kf8 Rxg7 103. hxg7 1/2-1/2

[Event "Women's Speed Chess Q4"]
[Site "chess.com INT"]
[Date "2021.06.03"]
[Round "6"]
[White "Kairbekova, Amina"]
[Black "Bivol, Alina"]
[Result "0-1"]
[WhiteTitle "WFM"]
[BlackTitle "WGM"]
[WhiteElo "2132"]
[BlackElo "2385"]
[WhiteFideId "13712799"]
[BlackFideId "4100123"]
[EventDate "2021.06.03"]

1. e4 e6 2. d4 d5 3. Nc3 Nf6 4. e5 Nfd7 5. f4 c5 6. Nf3 Nc6 7. Be3 a6 8. Qd2 b5
9. Be2 Qb6 10. Nd1 cxd4 11. Nxd4 Nxd4 12. Bxd4 Bc5 13. Bc3 b4 14. Bf3 bxc3 15.
Nxc3 O-O 16. a3 Be3 17. Qd3 Bxf4 18. g3 Bxe5 19. O-O-O Nc5 20. Rhe1 Nxd3+ 0-1

[Event "Women's Speed Chess Q4"]
[Site "chess.com INT"]
[Date "2021.06.03"]
[Round "6"]
[White "Starosta, Martyna"]
[Black "Batsiashvili, Nino"]
[Result "0-1"]
[WhiteTitle "WCM"]
[BlackTitle "GM"]
[WhiteElo "1910"]
[BlackElo "2491"]
[WhiteFideId "21818754"]
[BlackFideId "13602993"]
[EventDate "2021.06.03"]

1. e4 c6 2. d4 d5 3. Nc3 dxe4 4. Nxe4 Nf6 5. Nxf6+ exf6 6. c3 Bd6 7. Bd3 O-O 8.
Qf3 Re8+ 9. Ne2 Nd7 10. O-O Nf8 11. Bf4 Ng6 12. Bg3 Be6 13. c4 Bxg3 14. Nxg3
Qxd4 15. Rfd1 Qxb2 16. Rab1 Qxa2 17. Rxb7 Ne5 18. Qe4 Nxd3 19. Qxd3 Qxc4 20. Qd6
a5 21. Rc7 Bd5 22. Nf5 Qg4 23. Ne3 Rxe3 24. f3 Qe6 25. Qxe6 Rxe6 0-1

[Event "Women's Speed Chess Q4"]
[Site "chess.com INT"]
[Date "2021.06.03"]
[Round "6"]
[White "Dordzhieva, Dinara"]
[Black "Tokhirjonova, Gulrukhbegim"]
[Result "0-1"]
[WhiteTitle "WGM"]
[BlackTitle "WGM"]
[WhiteElo "2334"]
[BlackElo "2350"]
[WhiteFideId "24157570"]
[BlackFideId "14203626"]
[EventDate "2021.06.03"]

1. Nf3 d5 2. g3 Nf6 3. c4 c6 4. Bg2 g6 5. d4 Bg7 6. b3 O-O 7. Bb2 Bf5 8. Nc3 Ne4
9. O-O e6 10. Rc1 Nd7 11. Nh4 Nxc3 12. Bxc3 Re8 13. Nxf5 gxf5 14. e3 Nf6 15. f3
Qd7 16. g4 fxg4 17. fxg4 Ne4 18. Bxe4 dxe4 19. Rf4 f5 20. gxf5 exf5 21. Qh5 Rf8
22. Rcf1 Rf6 23. Rxf5 Rh6 24. Qg4 Rg6 25. Rg5 Qxg4+ 0-1

[Event "Women's Speed Chess Q4"]
[Site "chess.com INT"]
[Date "2021.06.03"]
[Round "6"]
[White "Zaksaite, Salomeja"]
[Black "Varshini, V"]
[Result "1-0"]
[WhiteTitle "WIM"]
[BlackTitle "WGM"]
[WhiteElo "2202"]
[BlackElo "2226"]
[WhiteFideId "12801496"]
[BlackFideId "5091241"]
[EventDate "2021.06.03"]

1. e4 c5 2. Nf3 d6 3. d4 cxd4 4. Nxd4 Nf6 5. Nc3 a6 6. Bc4 e6 7. Bb3 Be7 8. O-O
O-O 9. Qf3 Qc7 10. Qg3 Kh8 11. Bg5 b5 12. a3 Nc6 13. Nxc6 Qxc6 14. Rfe1 Bb7 15.
Rad1 Rfd8 16. Rd3 Rac8 17. Qh4 h6 18. Bxh6 Ng8 19. Bg5+ Nh6 20. Bxe7 Re8 21. Bg5
Kh7 22. Bxh6 gxh6 23. Rh3 1-0

[Event "Women's Speed Chess Q4"]
[Site "chess.com INT"]
[Date "2021.06.03"]
[Round "6"]
[White "Head, Louise"]
[Black "Gaponenko, Inna"]
[Result "0-1"]
[WhiteTitle "WFM"]
[BlackTitle "IM"]
[WhiteElo "2090"]
[BlackElo "2357"]
[WhiteFideId "424773"]
[BlackFideId "14101181"]
[EventDate "2021.06.03"]

1. d4 g6 2. c4 Bg7 3. e4 d6 4. Nf3 Bg4 5. Be3 Nc6 6. Be2 Bxf3 7. Bxf3 e5 8. d5
Nd4 9. O-O Ne7 10. Nd2 c5 11. dxc6 bxc6 12. Rc1 c5 13. Qa4+ Qd7 14. Qxd7+ Kxd7
15. g3 Rhb8 16. b3 a5 17. Bg2 Ne2+ 18. Kh1 Nxc1 19. Rxc1 a4 20. Bh3+ Kc7 21. Bg4
axb3 22. axb3 Ra2 23. Bd1 Nc6 24. Nf3 Nd4 25. Ng5 Nxb3 26. Bxb3 Rxb3 27. Nxf7
Rba3 28. Kg2 Rxe3 0-1

[Event "Women's Speed Chess Q4"]
[Site "chess.com INT"]
[Date "2021.06.03"]
[Round "6"]
[White "Buksa, Nataliya"]
[Black "Luong, Phuong Hanh"]
[Result "1-0"]
[WhiteTitle "IM"]
[BlackTitle "WIM"]
[WhiteElo "2414"]
[BlackElo "2229"]
[WhiteFideId "14123622"]
[BlackFideId "12401013"]
[EventDate "2021.06.03"]

1. e4 c5 2. b3 a6 3. Bb2 Nc6 4. Nf3 e5 5. Nxe5 Nxe5 6. Bxe5 Qe7 7. Bb2 Qxe4+ 8.
Qe2 Qxe2+ 9. Bxe2 Nf6 10. Bxf6 gxf6 11. Nc3 Be7 12. Nd5 Bd8 13. O-O-O d6 14.
Rde1 O-O 15. Bd3 b5 16. Ne7+ Bxe7 17. Rxe7 Be6 18. Re1 d5 19. c3 Rfd8 20. Bxh7+
Kf8 21. Rc7 Rdc8 22. Rxc8+ Rxc8 23. Bc2 d4 24. cxd4 cxd4 25. Kb2 f5 26. Re5 Kg7
27. Bxf5 Kf6 28. Bxe6 fxe6 29. Rh5 Rg8 30. g3 Rg6 31. Kc2 e5 32. Kd3 Ke6 33. f3
Rf6 34. Ke4 1-0

[Event "Women's Speed Chess Q4"]
[Site "chess.com INT"]
[Date "2021.06.03"]
[Round "6"]
[White "Tarasova, Viktoriya"]
[Black "Vo, Thi Kim Phung"]
[Result "1/2-1/2"]
[WhiteTitle "WIM"]
[BlackTitle "WGM"]
[WhiteElo "2226"]
[BlackElo "2335"]
[WhiteFideId "4175840"]
[BlackFideId "12401838"]
[EventDate "2021.06.03"]

1. d4 Nf6 2. c4 e6 3. Nc3 Bb4 4. Nf3 O-O 5. Bg5 d5 6. cxd5 exd5 7. Qc2 h6 8. Bh4
c5 9. e3 g5 10. Bg3 Ne4 11. Bd3 Bf5 12. Nd2 cxd4 13. exd4 Nxg3 14. hxg3 Re8+ 15.
Kf1 Bxd3+ 16. Qxd3 Re6 17. Re1 Qd6 18. Rxe6 Qxe6 19. Qe2 Bxc3 20. Qxe6 fxe6 21.
bxc3 Kg7 22. Ke2 Nc6 23. Kd3 Rc8 24. Re1 Kf6 25. Nf3 b6 26. Re2 Rc7 27. Re1 Rc8
28. Re2 Rc7 29. Re1 Rc8 1/2-1/2

[Event "Women's Speed Chess Q4"]
[Site "chess.com INT"]
[Date "2021.06.03"]
[Round "6"]
[White "Mohota, Nisha"]
[Black "Petrova, Irina"]
[Result "1-0"]
[WhiteTitle "IM"]
[BlackTitle "WIM"]
[WhiteElo "2195"]
[BlackElo "2110"]
[WhiteFideId "5004330"]
[BlackFideId "14124122"]
[EventDate "2021.06.03"]

1. b3 Nf6 2. Bb2 d6 3. d4 g6 4. Nf3 Bg7 5. g3 O-O 6. Bg2 Nc6 7. O-O Bf5 8. c4 a6
9. Nc3 Ne4 10. e3 Rb8 11. Rc1 Re8 12. Nh4 Nxc3 13. Bxc3 Bd7 14. e4 e5 15. d5 Nd4
16. Bxd4 exd4 17. f4 c5 18. Qd3 b5 19. Rce1 bxc4 20. bxc4 Rb2 21. Rf2 Qb6 22.
Rxb2 Qxb2 23. Re2 Qc1+ 24. Kf2 Rb8 25. e5 Bf5 26. Nxf5 gxf5 27. exd6 Bf8 28. d7
Rd8 29. Qxf5 Qxc4 30. Qg5+ Kh8 31. Qxd8 Kg8 32. Qg5+ Kh8 33. d8=Q 1-0

[Event "Women's Speed Chess Q4"]
[Site "chess.com INT"]
[Date "2021.06.03"]
[Round "6"]
[White "Tomilova, Elena"]
[Black "Eswaran, Aksithi"]
[Result "1-0"]
[WhiteTitle "WGM"]
[BlackTitle "WCM"]
[WhiteElo "2338"]
[BlackElo "1745"]
[WhiteFideId "4162340"]
[BlackFideId "2083485"]
[EventDate "2021.06.03"]

1. c4 e5 2. g3 g6 3. Bg2 Bg7 4. Nc3 Nc6 5. e3 d6 6. Nge2 Nge7 7. O-O f5 8. d3
O-O 9. Rb1 Be6 10. Nd5 Qd7 11. b4 Nd8 12. b5 c6 13. bxc6 bxc6 14. Nxe7+ Qxe7 15.
Ba3 Rc8 16. Qa4 Qd7 17. Qb4 Nf7 18. Qb7 Rfd8 19. Qxd7 Rxd7 20. Rfc1 Rdc7 21. Bb4
g5 22. a4 h5 23. a5 Rb8 24. a6 Rb6 25. Ba5 Rxb1 26. Rxb1 Rc8 27. Rb7 Ra8 28.
Bxc6 Nd8 29. Rxg7+ Kxg7 30. Bxa8 Bc8 1-0

[Event "Women's Speed Chess Q4"]
[Site "chess.com INT"]
[Date "2021.06.03"]
[Round "6"]
[White "Zhai, Mo"]
[Black "Zakirova, Aisha"]
[Result "1-0"]
[WhiteTitle "WGM"]
[BlackTitle "WCM"]
[WhiteElo "2366"]
[BlackElo "1585"]
[WhiteFideId "8600201"]
[BlackFideId "13719734"]
[EventDate "2021.06.03"]

1. Nf3 Nf6 2. g3 g6 3. Bg2 Bg7 4. O-O O-O 5. d4 d5 6. c3 c5 7. dxc5 Ne4 8. Ng5
Nxc5 9. Qxd5 Qxd5 10. Bxd5 Nc6 11. Nd2 h6 12. Nge4 Nxe4 13. Nxe4 e6 14. Bb3 b6
15. Bf4 Ba6 16. Rfe1 Rfd8 17. Ba4 b5 18. Bb3 Bf8 19. Rad1 b4 20. Ba4 Na5 21.
Rxd8 Rxd8 22. Bc7 Nb7 23. Bxd8 Nxd8 24. Rd1 Nb7 25. Rd7 Nc5 26. Nxc5 Bxc5 27.
cxb4 Bxb4 28. Rxa7 Bxe2 29. Be8 f5 30. Bf7+ Kf8 31. Bxg6 Bc5 32. Rf7+ Kg8 33.
Rc7 Bd4 34. Bf7+ Kh8 35. Bxe6 f4 36. gxf4 1-0

[Event "Women's Speed Chess Q4"]
[Site "chess.com INT"]
[Date "2021.06.03"]
[Round "6"]
[White "Grigoryan, Meri"]
[Black "Klinova, Masha"]
[Result "0-1"]
[WhiteTitle "WFM"]
[BlackTitle "IM"]
[WhiteElo "2044"]
[BlackElo "2275"]
[WhiteFideId "13300571"]
[BlackFideId "2802015"]
[EventDate "2021.06.03"]

1. d4 d6 2. c4 e5 3. e3 Nc6 4. d5 Nce7 5. Nc3 f5 6. e4 g6 7. Nf3 Nf6 8. exf5
gxf5 9. g3 Bg7 10. Bg2 O-O 11. O-O Ng6 12. Bg5 h6 13. Bxf6 Qxf6 14. Nd2 e4 15.
Qe2 Bd7 16. Rab1 Rae8 17. Kh1 a6 18. f4 exf3 19. Qxf3 f4 20. Nde4 Qe5 21. Rbe1
fxg3 22. Qxg3 Qxg3 23. hxg3 Ne5 24. Kh2 Nxc4 25. Bh3 Bxh3 26. Kxh3 Nxb2 27. Rb1
Nd3 28. Rxb7 Rxf1 0-1

[Event "Women's Speed Chess Q4"]
[Site "chess.com INT"]
[Date "2021.06.03"]
[Round "6"]
[White "Nguyen, Hong Anh"]
[Black "Jakubowska, Anna"]
[Result "1-0"]
[WhiteTitle "WIM"]
[BlackTitle "WIM"]
[WhiteElo "1993"]
[BlackElo "2073"]
[WhiteFideId "12406732"]
[BlackFideId "1121952"]
[EventDate "2021.06.03"]

1. d4 d5 2. c4 c6 3. Nf3 Nf6 4. Qc2 e6 5. Nbd2 Bd6 6. g3 O-O 7. Bg2 Nbd7 8. O-O
b6 9. e4 dxe4 10. Nxe4 Nxe4 11. Qxe4 Bb7 12. Rd1 Qe7 13. Bg5 f6 14. Bf4 Rfe8 15.
Rac1 Rab8 16. Bxd6 Qxd6 17. c5 Qe7 18. b4 Rbd8 19. Nd2 e5 20. b5 bxc5 21. bxc6
Ba8 22. d5 Nb6 23. Nb3 c4 24. Na5 Qb4 25. Nxc4 f5 26. Qe2 Bxc6 27. Nxb6 Bb5 28.
Nc4 Rc8 29. Bf1 Rc5 30. Qd2 Qxd2 31. Nxd2 Rec8 32. Rxc5 Rxc5 33. Nb3 1-0